Ładuje się......

Corruption and lokpal /

Opis bibliograficzny
1. autor: Dhiman, O P.
Kolejni autorzy: Sharma, C P.
Format: Printed Book
Wydane: Delhi : Kalpaz publications, 2013.
Hasła przedmiotowe:
LEADER 00522nam a22001577a 4500
020 |a 9788178359519 
082 |a 364.1323  |b DHI.C 
100 |a Dhiman, O P. 
245 |a Corruption and lokpal /  |c by O P Dhiman and C P Sharma. 
260 |a Delhi :  |b Kalpaz publications,  |c 2013. 
300 |a 307 p. 
650 |a corruption 
700 |a Sharma, C P. 
942 |c BK 
999 |c 310794  |d 310794 
952 |0 0  |1 0  |4 0  |6 364_132300000000000_DHI_C  |7 0  |8 NFIC  |9 332224  |a POL  |b POL  |c GEN  |d 2020-11-16  |l 0  |o 364.1323 DHI.C  |p POL20213  |r 2020-11-16  |w 2020-11-16  |y BK